Delhi, then & now / (Record no. 35083)
[ view plain ]
| 000 -LEADER | |
|---|---|
| fixed length control field | 01510nam a22003374a 4500 |
| 005 - DATE AND TIME OF LATEST TRANSACTION | |
| control field | 20100405163053.0 |
| 008 - FIXED-LENGTH DATA ELEMENTS--GENERAL INFORMATION | |
| fixed length control field | 071215s2007 ii a 000 0 eng |
| 010 ## - LCCN (DPL NO) | |
| LC control number | B-379474 |
| 020 ## - INTERNATIONAL STANDARD BOOK NUMBER | |
| International Standard Book Number | 9788174364692 |
| Terms of availability | 2475.00 |
| 035 ## - SYSTEM CONTROL NUMBER | |
| System control number | B-379474 |
| 037 ## - SOURCE OF ACQUISITION | |
| Source of stock number/acquisition | UBH |
| 040 ## - CATALOGING SOURCE | |
| Original cataloging agency | dpl |
| Language of cataloging | English |
| 082 ## - DEWEY DECIMAL CLASSIFICATION NUMBER | |
| Classification number | 954.16 |
| 245 ## - TITLE STATEMENT | |
| Title | Delhi, then & now / |
| Remainder of title | edited by Neelam Narula |
| 260 ## - PUBLICATION, DISTRIBUTION, ETC. (IMPRINT) | |
| Place of publication, distribution, etc | New Delhi |
| Name of publisher, distributor, etc | Roli Books |
| Date of publication, distribution, etc | 2007 |
| 270 ## - ADDRESS | |
| Address | M-75, Greater Kailash II Market |
| City | New Delhi |
| Postal code | 110048 |
| 300 ## - PHYSICAL DESCRIPTION | |
| Extent | 104, 93 p. : |
| Other physical details | chiefly ill. (some col.) |
| Dimensions | 31 cm(Hb) |
| 500 ## - GENERAL NOTE | |
| General note | Bound back to back and inverted. |
| 505 ## - FORMATTED CONTENTS NOTE | |
| Formatted contents note | Delhi, then / Narayani Gupta -- Delhi, now / Dilip Bobb. |
| 520 ## - SUMMARY, ETC. | |
| Summary, etc | A two part illustrated narrative on Delhi, India's capital city; authored separately by Narayani Gupta and Dilip Bobb, with photo research & editing by Pramod Kapoor. |
| 651 ## - SUBJECT ADDED ENTRY--GEOGRAPHIC NAME | |
| Geographic name | Delhi (India) |
| Form subdivision | Pictorial works. |
| 651 ## - SUBJECT ADDED ENTRY--GEOGRAPHIC NAME | |
| Geographic name | New Delhi (India) |
| Form subdivision | Pictorial works. |
| 651 ## - SUBJECT ADDED ENTRY--GEOGRAPHIC NAME | |
| Geographic name | Delhi (India) |
| General subdivision | History. |
| 651 ## - SUBJECT ADDED ENTRY--GEOGRAPHIC NAME | |
| Geographic name | New Delhi (India) |
| General subdivision | Social life and customs. |
| 700 ## - ADDED ENTRY--PERSONAL NAME | |
| Personal name | Kapoor, Pramod. |
| 700 ## - ADDED ENTRY--PERSONAL NAME | |
| Personal name | Gupta, Narayani. |
| Title of a work | Delhi, then |
| 700 ## - ADDED ENTRY--PERSONAL NAME | |
| Personal name | Bobb, Dilip. |
| Title of a work | Delhi, now |
| 942 ## - ADDED ENTRY ELEMENTS (KOHA) | |
| Source of classification or shelving scheme | Dewey Decimal Classification |
| Item type | Reference Books |
| Call number suffix | DEL |
| Classification part | 954.16 |
| Withdrawn status | Lost status | Source of classification or shelving scheme | Damaged status | Not for loan | Collection code | Home library | Current library | Date acquired | Source of acquisition | Cost, normal purchase price | Total Checkouts | Full call number | Barcode | Date last seen | Copy number | Cost, replacement price | Koha item type |
|---|---|---|---|---|---|---|---|---|---|---|---|---|---|---|---|---|---|
| Dewey Decimal Classification | Not For Loan | Reference | Central Library | Central Library | 05/04/2010 | UBH/245/24.2.10/178/23.2.10/24.2.10 | 2475.00 | 954.16 DEL | B-379474 | 05/04/2010 | 1 | 2475.00 | English Books |
